000 00702nam a22002417a 4500
001 78640
003 UA-OsUOA
005 20210504182236.0
007 ta
008 20111018b un ||||| |||| 00| 0 ukr d
040 _aUA-OsUOA
_bukr
_cUA-OsUOA
_dUA-OsUOA
041 _aukr
080 _a821.161.1(410)
090 _a821.161.1(410)
_bШ81
100 _aШоу И.
245 _aБогач, бедняк. Нищий, вор
_bроманы
260 _aМ.
_bРадуга
_c1986
300 _a784 с.
650 7 _a82 Література. Літературознавство
_2UDC
942 _cBK
_2udc
955 _a3
999 _c364955
_d364955